|
|
|
|
| LEADER |
00698naa a2200181 i 4500 |
| 001 |
acta65800 |
| 005 |
20260224081030.0 |
| 008 |
200228s2007 hu o 000 hun d |
| 020 |
|
|
|a 978-963-9573-34-5
|
| 040 |
|
|
|a SZTE Egyetemi Kiadványok Repozitórium
|b hun
|
| 041 |
|
|
|a hun
|
| 100 |
1 |
|
|a Balog Erika
|
| 245 |
1 |
0 |
|a Adalékok Hódmezővásárhely XVIII. századi történetéhez
|h [elektronikus dokumentum] /
|c Balog Erika
|
| 260 |
|
|
|c 2007
|
| 300 |
|
|
|a 205-215
|
| 490 |
0 |
|
|a Dixit et salvavi animam meam : tanulmányok a 65 éves Szegfű László tiszteletére
|
| 695 |
|
|
|a Hódmezővásárhely története - 18. sz.
|
| 856 |
4 |
0 |
|u http://acta.bibl.u-szeged.hu/65800/1/szegfu_65_205-215.pdf
|z Dokumentum-elérés
|